The significant part of a listed building (Record no. 74343)
[ view plain ]
| 000 -LEADER | |
|---|---|
| fixed length control field | 01645cab a2200253 4500 |
| 001 - CONTROL NUMBER | |
| control field | ABS67588 |
| 008 - FIXED-LENGTH DATA ELEMENTS--GENERAL INFORMATION | |
| fixed length control field | 040401n2004 000 0 eng u |
| 035 ## - SYSTEM CONTROL NUMBER | |
| System control number | (Sirsi) u125715 |
| 100 ## - MAIN ENTRY--PERSONAL NAME | |
| Personal name | Blackie, N. |
| 245 #4 - TITLE STATEMENT | |
| Title | The significant part of a listed building |
| 260 ## - PUBLICATION, DISTRIBUTION, ETC. | |
| Date of publication, distribution, etc. | 2004 |
| 490 ## - SERIES STATEMENT | |
| Series statement | Journal of Planning and Environment Law |
| Volume/sequential designation | March 2004, 268-272(5) |
| 520 ## - SUMMARY, ETC. | |
| Summary, etc. | Considers in some depth the guidance and interpretation of PPG15 paras 3.15A and 3.19 given in "Sullivan v Warwick DC" ([2003] EWHC 606, [2003] JPL 1545) with regards to the partial demolition of a listed building for which a planning permission and listed building consent had been granted. Paras 3.15.A and 3.19 had been amended following "Shimizu (UK) Ltd v Westminster City Council" (HL, Abs56626). "Shimizu" held that demolition of a listed building in the context of the Planning (Listed Building and Conservation Areas) Act 1990 involved the pulling down and removal of a whole building. Demolition of only part of a listed building was by contrast an alteration. Pays special attention given to the interpretation of paras 3.15A and 3.19 by English Heritage in its advice to Warwick DC who granted the consent for partial demolition. |
| 590 ## - LOCAL NOTE (RLIN) | |
| Local note | ABS |
| 650 ## - SUBJECT ADDED ENTRY--TOPICAL TERM | |
| Topical term or geographic name entry element | SULLIVAN V WARWICK DC |
| 650 ## - SUBJECT ADDED ENTRY--TOPICAL TERM | |
| Topical term or geographic name entry element | PLANNING PERMISSION |
| 650 ## - SUBJECT ADDED ENTRY--TOPICAL TERM | |
| Topical term or geographic name entry element | LISTED BUILDING CONSENT |
| 650 ## - SUBJECT ADDED ENTRY--TOPICAL TERM | |
| Topical term or geographic name entry element | SHIMIZU V WESTMINSTER CC |
| 650 ## - SUBJECT ADDED ENTRY--TOPICAL TERM | |
| Topical term or geographic name entry element | GRADE II LISTED BUILDINGS |
| 650 ## - SUBJECT ADDED ENTRY--TOPICAL TERM | |
| Topical term or geographic name entry element | PLANNING (LISTED BUILDING AND CONSERVATION AREAS) ACT 1990 |
| 650 ## - SUBJECT ADDED ENTRY--TOPICAL TERM | |
| Topical term or geographic name entry element | ENGLISH HERITAGE |
| 690 ## - LOCAL SUBJECT ADDED ENTRY--TOPICAL TERM (OCLC, RLIN) | |
| Topical term or geographic name as entry element | BUILT ENVIRONMENT-BUILDING MAINTENANCE AND REFURBISHMENT-BUILDING CONSERVATION |
| 942 ## - ADDED ENTRY ELEMENTS (KOHA) | |
| Suppress in OPAC | 0 |
| Withdrawn status | Lost status | Source of classification or shelving scheme | Damaged status | Not for loan | Home library | Current library | Shelving location | Date acquired | Total Checkouts | Full call number | Barcode | Date last seen | Copy number | Price effective from | Koha item type |
|---|---|---|---|---|---|---|---|---|---|---|---|---|---|---|---|
| Dewey Decimal Classification | London | London | Journal article | 01/04/2004 | ABS67588 | 125715-1001 | 06/08/2019 | 1 | 06/08/2019 | Journal article |